|
|
|
|
| LEADER |
00000cam a2200000 7i4500 |
| 001 |
0000004038 |
| 005 |
20151008.0 |
| 020 |
0 |
0 |
|a 9789671026847
|
| 090 |
0 |
0 |
|a 584.409595115
|b 2014
|
| 245 |
1 |
0 |
|a Orchidea Selangoreana :
|b Wild Orchids od Selangor
|c Rusea, Go...[et.all.]
|
| 260 |
0 |
0 |
|a Selangor :
|b Selangor Forestry Department ,
|c 2014
|
| 300 |
|
|
|a 208 pages. :
|b ill. ;
|c 26 cm.
|
| 650 |
0 |
0 |
|a Orchids ---Selangor
|
| 650 |
0 |
0 |
|a Orchids ---Selangor---Identification
|
| 700 |
1 |
1 |
|a Mohd Basri Abdul Manaf
|
| 700 |
1 |
1 |
|a Mohd Puat Dahalan
|
| 998 |
|
|
|a JPSM
|
| 999 |
|
|
|a 007857
|b Monograph
|c Open Shelf
|e Default branch
|